00634nam a2200229Ia 450000500170000000800410001702000150005808200210007310000150009424500520010926000300016130000150019165000130020665000130021965000090023265000110024165000180025265000160027094200060028695200970029299900150038920250210043623.0240331s9999 xx 000 0 und d a0745317332 bHOO25667a305.4 aBell Hooks 0aFeminism is For Everybody:bPassionate Politics aLondonbPluto Pressc2000 ax, 123 p., aFeminism aPolitics aRace aGender aSpiritualilty aMasculinity cL 001040708LaWERCLbWERCLcSSCd2024-03-31l0o 305.4 FEMp5667r2024-03-31w2024-03-31yL c1646d1646